Badīʻ al-Zamān al-Hamadhānī, (Record no. 45745)

MARC details
000 -LEADER
fixed length control field 00783cam a22002291 4500
001 - CONTROL NUMBER
control field ne 63000682
003 - CONTROL NUMBER IDENTIFIER
control field DLC
005 - DATE AND TIME OF LATEST TRANSACTION
control field 20260227111743.0
008 - FIXED-LENGTH DATA ELEMENTS--GENERAL INFORMATION
fixed length control field 900524s1959 ua b 000 0bararc
010 ## - LIBRARY OF CONGRESS CONTROL NUMBER
LC control number ne 63000682
025 ## - OVERSEAS ACQUISITION NUMBER
Overseas acquisition number PL480:UAR-1186
035 ## - SYSTEM CONTROL NUMBER
System control number (OCoLC)21586840
040 ## - CATALOGING SOURCE
Original cataloging agency Princeton Univ. Libr.
Transcribing agency WaU
Modifying agency DLC
042 ## - AUTHENTICATION CODE
Authentication code premarc
050 00 - LIBRARY OF CONGRESS CALL NUMBER
Classification number PJ7750.B3
Item number Z87
100 1# - MAIN ENTRY--PERSONAL NAME
Personal name Shakʻah, Muṣṭafā.
245 10 - TITLE STATEMENT
Title Badīʻ al-Zamān al-Hamadhānī,
Remainder of title rāʼid al-qiṣṣah al-ʻArabīyah wa-al-maqālah al-ṣuḥufīyah.
Statement of responsibility, etc. Taʼlīf Muṣṭafá al-Shakʻah.
260 ## - PUBLICATION, DISTRIBUTION, ETC.
Place of publication, distribution, etc. al-Qāhirah,
Name of publisher, distributor, etc. Maktabat al-Qāhirah al-Hadīthah,
Date of publication, distribution, etc. 1959.
300 ## - PHYSICAL DESCRIPTION
Extent 10, 353 p.
Dimensions 24 cm.
504 ## - BIBLIOGRAPHY, ETC. NOTE
Bibliography, etc. note Bibliography: p. [339]-343.
600 00 - SUBJECT ADDED ENTRY--PERSONAL NAME
Personal name Badīʻ al-Zamān al-Hamadhānī,
Dates associated with a name 969-1008.

No items available.

Powered by Koha